Research Project on National Income in East Central Europe Working Papers, September 1982
Enregistré dans:
| Format: | Livre |
|---|---|
| Langue: | anglais |
| Publié: |
New York
Economic Studies L.W. International Financial Research
1982
|
| Édition: | 1. ed. |
| Sujets: | |
| Tags: |
Pas de tags, Soyez le premier à ajouter un tag!
|
MARC
| LEADER | 00000nam a2200000 4500 | ||
|---|---|---|---|
| 001 | c016152 | ||
| 005 | 20221207075008.8 | ||
| 041 | 0 | |a eng | |
| 044 | |a US | ||
| 245 | 1 | 0 | |a Research Project on National Income in East Central Europe |b Working Papers, September 1982 |
| 250 | |a 1. ed. | ||
| 264 | 1 | |a New York |b Economic Studies L.W. International Financial Research |c 1982 | |
| 300 | |a 300 s. | ||
| 610 | 2 | 0 | |a rast hospodársky |
| 610 | 2 | 0 | |a situácia hospodárska |
| 610 | 2 | 0 | |a produkt domáci hrubý |
| 610 | 2 | 0 | |a údaje štatistické |
| 610 | 2 | 0 | |a východná Európa |
| 610 | 2 | 0 | |a 1965-1980 |
| 610 | 2 | 0 | |a 1980-1985 |